Negotiating calendar time:'Best practice' and teacher sense-making in public pre-kindergaten/ (Record no. 361699)
[ view plain ]
| 000 -LEADER | |
|---|---|
| fixed length control field | 00594nam a2200181Ia 4500 |
| 008 - FIXED-LENGTH DATA ELEMENTS--GENERAL INFORMATION | |
| fixed length control field | 190427s9999 xx 000 0 und d |
| 100 ## - MAIN ENTRY--PERSONAL NAME | |
| Personal name | Delany, Katherine K |
| 245 ## - TITLE STATEMENT | |
| Title | Negotiating calendar time:'Best practice' and teacher sense-making in public pre-kindergaten/ |
| 245 ## - TITLE STATEMENT | |
| Statement of responsibility, etc | Katherine K. Delany.-- |
| 260 ## - PUBLICATION, DISTRIBUTION, ETC. (IMPRINT) | |
| Name of publisher, distributor, etc | Taylor and Francis Group |
| 260 ## - PUBLICATION, DISTRIBUTION, ETC. (IMPRINT) | |
| Date of publication, distribution, etc | 2018 |
| 300 ## - PHYSICAL DESCRIPTION | |
| Extent | pages 150-168, April-June 2018 |
| 440 ## - SERIES STATEMENT/ADDED ENTRY--TITLE | |
| Title | Journal of Early Childhood Teacher Education |
| Volume number/sequential designation | 39(2) |
| 650 ## - SUBJECT ADDED ENTRY--TOPICAL TERM | |
| Topical term or geographic name as entry element | Best Practice |
| 650 ## - SUBJECT ADDED ENTRY--TOPICAL TERM | |
| Topical term or geographic name as entry element | Negotiating |
| 650 ## - SUBJECT ADDED ENTRY--TOPICAL TERM | |
| Topical term or geographic name as entry element | Pre-kindergarten |
| 650 ## - SUBJECT ADDED ENTRY--TOPICAL TERM | |
| Topical term or geographic name as entry element | Sense-making |
| Withdrawn status | Lost status | Damaged status | Home library | Current library | Date acquired | Total Checkouts | Date last seen | Price effective from | Koha item type |
|---|---|---|---|---|---|---|---|---|---|
| College Library | College Library | 04/27/2019 | 04/27/2019 | 04/27/2019 | Periodicals |